000 01191nam a22003377a 4500
003 CHAP
005 20220817041813.0
008 971013s1951 r 00010 d
010 _a25032
011 _a26004
035 _a30104
040 _cCHAP
082 _a333.72
_bC65
110 _aCommonwealth Bureau of Pastures and Field Crops
245 _aManagement and conservation of vegetation in Africa
_b: a symposium
260 _aPenglais :
_bWales,
_c1951
300 _a97 p.
_b: ilus.
490 _aCommonwealth Bureau of Pastures and Field Crops. Bulletin
_v; 41
590 _aBATCH-UPD
_b10
_c20130110
_lUCH01
_h0006
590 _aBATCH-UPD
_b10
_c20130110
_lUCH01
_h1609
590 _aBATCH-UPD
_b10
_c20130410
_lUCH01
_h1005
590 _aBATCH-UPD
_b10
_c20130914
_lUCH01
_h1019
590 _aCONVERSION
_b10
_c20130109
_lUCH01
_h1315
650 1 4 _aEcología vegetal.
_935188
650 1 4 _aRecursos forestales
_xConservación.
_995044
650 1 4 _aRecursos naturales
_xConservación.
830 0 _aCommonwealth Bureau of Pastures and Field Crops. Bulletin
_v; 41
_925987
901 _aBK
942 _cLIBRO
949 _a333.72 C65
_bBC
_cLIBRO
_d33724000341806
_eLIBRO
_i30104
_si
_t1.75
999 _c25032
_d25032